|
|
|
|
| LEADER |
00000nam a2200000 a 4500 |
| 001 |
vtls010585559 |
| 003 |
SK-MaSNL |
| 005 |
20260302013223.0 |
| 008 |
240314s1984 xo 000 0 slo |
| 015 |
|
|
|a SNBA1984
|
| 040 |
|
|
|a SNK
|b slo
|c SNK
|e AACR2
|
| 041 |
0 |
|
|a slo
|
| 044 |
|
|
|a xo
|c SK
|
| 080 |
|
|
|a 681.323:657
|2 1981
|
| 100 |
1 |
|
|a Csaplár, Ondrej
|4 aut
|9 9027
|
| 245 |
1 |
0 |
|a Využívanie výpočtového automatu Consul 266 pri vyhotovovaní faktúr
|c Ondrej Csaplár
|
| 260 |
|
|
|a Bratislava
|b Krajský predagogický ústav
|c 1984
|
| 300 |
|
|
|a 23, [1] s.
|c 4°
|
| 500 |
|
|
|a Rozmn.
|
| 650 |
0 |
7 |
|a informačné technológie
|2 SNKPH
|9 1527
|
| 655 |
|
7 |
|a štúdie
|2 SNKPH
|9 57033
|
| 958 |
|
|
|a OND
|
| 958 |
|
|
|a SK
|
| 958 |
|
|
|a RM
|
| 999 |
|
|
|c 1012132
|d 1014062
|
| 952 |
|
|
|a SNK
|b SNK
|y PREZ
|7 0
|p 17A0797408
|o snkSB 38856
|i snkKIP 2012/85
|0 0
|1 0
|4 0
|d 2014-03-26
|f 1
|l 0
|r 2025-04-23 00:00:00
|w 2026-02-24
|